000
00281nam a22001217a 4500
008
181126b xxu||||| |||| 00| 0 eng d
041
_a
eng
080
_a
159.9
100
_a
49
101
_a
psi
245
_a
Mind And Body Psychosomatic Medicine
_c
Dunbar.F
942
_2
udc
_c
BK
999
_c
52471
_d
52471